00489 2200181 4500001002100000005001500021035002000036245003900056100001700095300002100112260004900133082001400182084002000196020002200216008004100238650002000279990000800299INLIS00000000000002920240903100251 a0010-12180000231 aBayangan Di cermin /cSandra Brown0 aSandra Brown a672 hlm ;c18 cm aJakarta :bPT. Gramedia Pustaka Utama,c1997 a899.221'3 a899.221'3 SAN b a978 979 22 6471 5240903 0  4aFiksi Indonesia a024